| 000 | 00396nam a22001217a 4500 | ||
|---|---|---|---|
| 005 | 20141009093714.0 | ||
| 008 | 141002b xxu||||| |||| 00| 0 eng d | ||
| 050 |
_aTK 7867 _b.P962 2013 |
||
| 245 | _aProblems and solutions of electronic devices & circuits / | ||
| 260 |
_aDelhi : _bCBS Publishers & Distributors., _cc2013. |
||
| 300 |
_a333 pages : _billustrations ; _c22 cm. |
||
| 942 |
_2lcc _cBK _kFOR |
||
| 999 |
_c275998 _d275998 |
||